Catálogo

Vista normal Vista MARC

Entrada Personal Name

Número de registros utilizados en: 1

001 - CONTROL NUMBER

  • control field: 16468

003 - CONTROL NUMBER IDENTIFIER

  • control field: DLC

005 - DATE AND TIME OF LATEST TRANSACTION

  • control field: 20241115093027.0

008 - FIXED-LENGTH DATA ELEMENTS

  • fixed length control field: 920518n| acannaabn |a aaa

010 ## - LIBRARY OF CONGRESS CONTROL NUMBER

  • LC control number: n 92053658

035 ## - SYSTEM CONTROL NUMBER

  • System control number: (OCoLC)oca03173196

040 ## - CATALOGING SOURCE

  • Original cataloging agency: DLC
  • Language of cataloging: spa
  • Transcribing agency: Mx-PuUPA
  • Modifying agency: DLC
  • Modifying agency: OCoLC
  • Modifying agency: Mx-PuUPA
  • Description conventions: rda

046 ## - SPECIAL CODED DATES

  • Birth date: 1816
  • Death date: 1879

100 1# - HEADING--PERSONAL NAME

  • Personal name: Portilla, Anselmo de la,
  • Dates associated with a name: 1816-1879

374 ## - OCCUPATION

  • Occupation: Autor

375 ## - GENDER

  • Gender: hombre

377 ## - ASSOCIATED LANGUAGE

  • Language code: spa

400 1# - SEE FROM TRACING--PERSONAL NAME

  • Personal name: De la Portilla, Anselmo,
  • Dates associated with a name: 1816-1879

400 1# - SEE FROM TRACING--PERSONAL NAME

  • Personal name: La Portilla, Anselmo de,
  • Dates associated with a name: 1816-1879

400 1# - SEE FROM TRACING--PERSONAL NAME

  • Personal name: Portilla y López, Anselmo de la,
  • Dates associated with a name: 1816-1879

400 1# - SEE FROM TRACING--PERSONAL NAME

  • Personal name: López, Anselmo de la Portilla y,
  • Dates associated with a name: 1816-1879

670 ## - SOURCE DATA FOUND

  • Source citation: His Historia de la Revolución de México ... 1991:
  • Information found: t.p. (Anselmo de la Portilla) p. xvii (b. 02-03-1816, Sobremazas, prov. de Santander, Spain; d. 03-01-1879, Mexico City; Spanish author, journalist) p. xviii (historian) p. xxv (Anselmo de la Portilla [y López])